000 01000cab a2200313 4500
001 WB2846-43
008 090401t1992 xxu||||| |||| 00| 0 eng d
035 _a(Sirsi) u68751
041 _aeng
245 _aHomebuyers unaware of footpaths
260 _c1992
350 _a0
490 _aDaily Telegraph
_v26 November 1992, 4
490 _aDaily Mail
_v26 November 1992, 3(1)
520 _aProperty buyers, whose solicitors failed to reveal two rights of way across the property, were awarded £23,000 for the loss in value of the property but no compensation was made for distress.
650 _aCOMPENSATION
650 _aCONVEYANCING
650 _aDAMAGES
650 _aFOOTPATHS
650 _aHOUSE VALUES
650 _aLOCAL SEARCHES
650 _aNEGLIGENCE
650 _aRIGHTS OF WAY
650 _aSOLICITORS
690 _aHIGHWAYS RIGHTS OF WAY AND EASEMENTS
690 _aMANAGEMENT-BUSINESS MANAGEMENT-PROFESSIONAL PRACTICE
942 _n0
948 _c04/03/1997
999 _c43148
_d43148